01739 a2200253 45000010006000000050017000060080041000230030015000640400040000790800033001192450020001520200018001722500012001902640032002023000022002345051052002561000023013087000021013317000025013527000018013777000027013957000025014227000038014472607620260407155542.0260407a1985 arg spa dAR-UNSa-BCEJYS aAR-UNSa-BCEJYSbspacAR-UNSa-BCEJYS a330.101.541xMacroeconomía10aMacroeconomía a84-7615-055-5 a3a. ed. 1aMadrid :bMcGraw-Hillc1985 ax, 776 p.c23 cm. a1. Introducción - 2. La contabilidad nacional - 3. La demanda agregada y la renta y producción de equilibrio - 4. El dinero, el interés y la renta - 5. La política fiscal, el efecto desplazamiento y la combinación de políticas económicas - 6. El consumo, la riqueza y los retardos - 7. La inversión - 8. La demanda de dinero - 9. La oferta de dinero - 10. Los problemas de la política de estabilización - 11. La oferta y la demanda agregadas. Introducción - 12. La oferta agregada, los salarios, los precios y el empleo - 13. La inflación y el desempleo - 14. La relación de intercambio entre la inflación y el desempleo - 15. Los déficit presupuestarios, la inflación y la deuda pública - 16. Los años treinta y los ochenta: la interacción de los hechos y las ideas - 17. El crecimiento a largo plazo y la productividad - 18. La macroeconomía de una economía abierta: Los flujos de bienes y de capitales con tipos de cambios fijos - 19. Los flujos de bienes y de capitales con tipos de cambio flexibles.1 aDornbusch, Rudiger1 aFischer, Stanley1 aGarcia-Pardo, Jimena1 aOjeda, Alonso1 aToharia Cortés, Luis1 aArgandoña, Antonio1 aVillarreal Domínguez, Carlos G.